Age-composition of mature area under natural rubber in India: A comparative analysis (Record no. 53924)

MARC details
000 -LEADER
fixed length control field 01897nam a2200205Ia 4500
100 ## - MAIN ENTRY--AUTHOR NAME
Personal name Jacob Jom
245 #0 - TITLE STATEMENT
Title Age-composition of mature area under natural rubber in India: A comparative analysis
260 ## - PUBLICATION, DISTRIBUTION, ETC. (IMPRINT)
Name of publisher Rubber Science
Year of publication 2016
300 ## - PHYSICAL DESCRIPTION
Number of Pages 153-158
520 ## - SUMMARY, ETC.
Summary, etc The paper revisits a study undertaken by the authors in 2008 on the trends in age-composition of mature area under natural rubber cultivation in India and reviews projected status for the period from 2008-09 to 2014-15. The projections of the earlier study showed that the share of area under the yield-declining phase would rise to touch 53.3 per cent by 2011-12 before falling to 46.0 per cent by 2014-15. The earlier study had also highlighted inconsistencies in the official data and recommended a national census of rubber area for fixing the same. However, the earlier study failed to capture the postponement of the uprooting of rubber trees beyond 22 years of tapping age and the resultant emergence of a senile group of trees having more than 22 years of tapping age. Due to retention of aged trees, the gap between the projected figures of mature area and the corresponding official figures sharply widened from 2.2 per cent in 2008-09 to 25.3 per cent in 2014-15. The area occupied by trees having more than 22 years of tapping age steadily grew by 144.7 per cent during the period from 2008-09 to 2014-15. In absolute terms, the area under theis age-group increased from 10,255 hectare to 99,313 hectare with important policy implications. The results of the study reconfirmed the need for a national census of rubber area, as proposed in the earlier study.
650 ## - SUBJECT ADDED ENTRY--TOPICAL TERM
Topical Term Age-composition
650 ## - SUBJECT ADDED ENTRY--TOPICAL TERM
Topical Term Average yield
650 ## - SUBJECT ADDED ENTRY--TOPICAL TERM
Topical Term Census
650 ## - SUBJECT ADDED ENTRY--TOPICAL TERM
Topical Term New-planting
650 ## - SUBJECT ADDED ENTRY--TOPICAL TERM
Topical Term Replanting
650 ## - SUBJECT ADDED ENTRY--TOPICAL TERM
Topical Term Tapping age
700 ## - ADDED ENTRY--PERSONAL NAME
Personal name George K T
942 ## - ADDED ENTRY ELEMENTS (KOHA)
Koha item type Journals
Holdings
Withdrawn status Lost status Damaged status Not for loan Home library Current library Shelving location Date acquired Serial Enumeration / chronology Koha item type
      Journals RRII Library RRII Library Economics 01/01/2021 Volume 29, Issue 2 Journals